Zákony sú rovnaké pre všetkých ľudí

Úrad boja proti korupcii vznikol na Slovensku v roku 2004. Rozsah jeho pôsobnosti upravuje Nariadenie ministra vnútra číslo 17 z roku 2005. Odhalené prípady. Organizačné členenie Úradu.

Salvato in:
Dettagli Bibliografici
Autore principale: Ondera, Peter
Natura: Capitolo di libro
Lingua:slovacco
Soggetti:
Tags: Aggiungi Tag
Nessun Tag, puoi essere il primo ad aggiungerne!!

MARC

LEADER 00000naa$a2200000$$$4500
001 0087313
005 20231016085645.9
041 0 |a slo 
044 |a SK 
245 1 0 |a Zákony sú rovnaké pre všetkých ľudí  |c Peter Ondera 
520 |a Úrad boja proti korupcii vznikol na Slovensku v roku 2004. Rozsah jeho pôsobnosti upravuje Nariadenie ministra vnútra číslo 17 z roku 2005. Odhalené prípady. Organizačné členenie Úradu. 
610 2 0 |a korupcia 
610 2 0 |a úrady 
610 2 0 |a činy trestné 
610 2 0 |a Slovensko 
100 1 |a Ondera, Peter